The making of the Nigerian flagship: a story of the guardian (Record no. 35967)

MARC details
000 -LEADER
fixed length control field 00472nam a2200181Ia 4500
020 ## - INTERNATIONAL STANDARD BOOK NUMBER
ISBN 9789789902446
050 ## - CALL MARK
Classification number DT 515.57 .U36/
100 ## - STATEMENT OF RESPONSIBILITY--MAIN AUTHOR NAME
Personal name Ukodie, Aaron
245 #4 - TITLE STATEMENT
Title The making of the Nigerian flagship: a story of the guardian
260 ## - PUBLICATION, DISTRIBUTION, ETC. (IMPRINT)
Place of publication Dubai
260 ## - PUBLICATION, DISTRIBUTION, ETC. (IMPRINT)
Name of publisher Flagship Publishing & Promotion
260 ## - PUBLICATION, DISTRIBUTION, ETC. (IMPRINT)
Year of publication 2021
300 ## - PHYSICAL DESCRIPTION
Number of Pages 590 p
650 ## - SUBJECT ADDED ENTRY--TOPICAL TERM
Topical Term Nigeria--History.
942 ## - ADDED ENTRY ELEMENTS (KOHA)
Koha item type Books
Holdings
Withdrawn status Lost status Source of classification or shelving scheme Damaged status Not for loan Permanent Location Current Location Shelving location Date acquired Accession Number Price effective from Koha item type
    Library of Congress Classification     NILE UNIVERSITY OF NIGERIA - MAIN LIBRARY NILE UNIVERSITY OF NIGERIA - MAIN LIBRARY Items on shelf 04/23/2025 0195937 04/23/2025 Books